Fußball Allgemeinwissen - Statistiken

Allgemein
  • Dieses Quiz wurde 1.219 mal gespielt
  • Das Durchschnittsergebnis liegt bei 8 aus 15
Antwortstatistiken
Frage Antwort % Korrekt
Wer ist der ewige WM-Torschützenkönig? Miroslav Klose
91%
Was ist die Abkürzung für die "Union ofEuropean Football Associations"? UEFA
90%
Welches Land hat die meisten WM-Titel? Brasilien
87%
Welches Land wurde 2004 Europameister? Griechenland
87%
Wie viele Ballon D'ors hat Neymar Jr? 0
86%
Für welchen Verein bestritt Paolo Maldini647 Spiele? AC Mailand
76%
Welcher Verein ist der Rekordmeister inder argentinischen Primera División? River Plate
56%
Wer ist der einzige afrikanische Spielerder einen Ballon D'or gewann? George Weah
51%
Wie heißt der Pokalwettbewerb in Europa dererstmals 2021/22 ausgetragen wurde? Europa ConferenceLeague
49%
Aus welchem Land stammt er? Liberia
42%
Welche Mannschaft gewann als Erste dieses Turnier? AS Rom
39%
Was ist der Spitzname der spanischen MannschaftVillareal? Gelbes U-Boot
27%
Welcher Spieler besitzt den Spitznamen"El Matador"? Edinson Cavani
17%
Welcher Spieler schoss die meisten Tore ineiner einzigen Weltmeisterschaft? Just Fontaine
17%
Welche Nationalmannschaft war bei der WM 2010 in Südafrika als einzige ungeschlagen? Neuseeland
10%
Keine übereinstimmenden Quizze gefunden
Verteilung der Resultate
Anzahl Personen mit jedem Resultat
Perzentil nach korrekt beantworteten Fragen
Ihre Resultats-Entwicklung
Sie haben dieses Quiz noch nicht gespielt